00942nam a2200241 a 4500001001000000003000500010005001700015008004100032010001100073011001100084040000900095100003000104245020300134260004100337500006000378502007700438650001900515650001400534650002700548650002500575700003000600856007000630000111093CHAP20220329144158.0141202s2014 mx |sm |||||||spa d a107555 a108527 cCHAP1 aKu Caamal, Manuel Jesús10aEvaluación de la capacidad de enraizamiento de variedades de jitomate tipo arriñonado comparado con variedades comercialesh[En línea]cpor Manuel Jesús Ku Caamal y Leticia Tiburcio Bonilla. aChapingo, Méx. :bEl autor,c2014. aPara ver el contenido del material haga clic en la liga aTesis (Ing. Agr. Esp. en Fitotecnia) -- UACH. Departamento de Fitotecnia14aEnraizamiento.14aEsquejes.14aTomatexPropagación.14aTomatexRendimiento.1 aTiburcio Bonilla, Leticia aFinding aiduhttp://10.13.5.2/tesis/sist111093.pdfzTeclea aquí